| 000 | 00962nam a2200253Ia 4500 | ||
|---|---|---|---|
| 003 | OSt | ||
| 005 | 20221005112201.0 | ||
| 006 | a|||||r|||| 00| 0 | ||
| 007 | ta | ||
| 008 | 221004b |||||||| |||| 00| 0 pan d | ||
| 020 | _c125 | ||
| 024 | _a104626 | ||
| 037 |
_b7848/III/A, 21/02/2011, Arsee Publishers _cTextual |
||
| 040 |
_aCRL _cCRL _bpan |
||
| 041 |
_2pan _apan |
||
| 082 | _aO153,3N35:g, P3 | ||
| 100 | _aਪ੍ਰੀਤੀ ਸੋਢੀ | ||
| 245 | 0 | _aਦਲੀਪ ਕੌਰ ਟਿਵਾਣਾ ਦੇ ਪ੍ਰਮੁੱਖ ਨਾਵਲ ਤੁਲਨਾਤਮਕ ਪਰਿਪੇਖ | |
| 260 |
_aਅੰਮ੍ਰਿਤਸਰ _bਨਾਨਕ ਸਿੰਘ ਪੁਸਤਕ ਮਾਲਾ ਭਾਰਤ _c2003 |
||
| 300 |
_a136ਪੰ _ccm. |
||
| 650 | _aਪੰਜਾਬੀ ਸਾਹਿਤ | ||
| 942 |
_hO153,3N35:g, P3 _cTEXL _2cc |
||
| 999 |
_c1024110 _d1024110 |
||